Noddy aprende as horas (Registo nº 1706)
[ vista simples ]
| 000 -Etiqueta do registo | |
|---|---|
| Cabeçalho | 00902nam a22003251 4500 |
| 005 - Identificador da versão | |
| Campo de controlo | 20240813121914.0 |
| 095 ## - | |
| -- | PTBN00356146 |
| 010 ## - Número internacional normalizado dos livros (ISBN) | |
| Número (ISBN) | 9722224468 |
| 021 ## - Número do Depósito Legal | |
| Código do país | PT |
| Número | 229518/05 |
| 035 ## - Other System Control Numbers | |
| System Control Number | 0000006 |
| 100 ## - Dados gerais de processamento | |
| Dados gerais de processamento | 20060930d2005 b y0pory5003 ba |
| 102 ## - Pais de publicação ou produção | |
| País de publicação | Portugal |
| 101 1# - Língua de publicação | |
| Língua do texto, banda sonora, etc. | Português |
| Língua do documento no original | Inglês |
| 106 ## - Campo de dados codificados: material textual | |
| Dados codificados do material textual | r |
| 105 ## - Campo de dados codificados: livros | |
| Dados codificados dos livros | a z 000yy |
| 215 ## - Descrição física | |
| Indicação específica da natureza do documento e extensão da espécie | [10) p. |
| Outras indicações físicas | todo il. |
| Dimensões | 16 cm |
| 200 1# - Titulo e menção de responsabilidade | |
| Título próprio | Noddy aprende as horas |
| Primeira menção de responsabilidade | Enid Blyton |
| 225 2# - Colecção | |
| Título próprio da colecção | Noddy aprende... |
| 210 ## - Publicação, Distribuição, etc. | |
| Lugar da edição, distribuição, etc. | Lisboa |
| Nome do editor, distribuidor, etc. | Verbo |
| Data da publicação, distribuição, etc. | imp. 2005 |
| 327 1# - Nota de conteúdo | |
| Texto da nota | Folhas de cartão com janelas para descobrir objectos |
| 304 ## - Notas relativas a título e menção de responsabilidade | |
| Texto da nota | Tít. orig.: Look and learn time |
| 606 ## - Nome comum usado como assunto | |
| Número de registo de entrada de autoridade | 0000006 |
| Palavra de ordem | Literatura estrangeira infantil |
| Número de registo de entrada de autoridade | 0000007 |
| Palavra de ordem | Aprendizagem |
| 675 ## - Classificação Decimal Universal (CDU) | |
| Notação | 82 |
| Edição | 2ª |
| Língua da edição | por |
| 700 #1 - Nome de autor-pessoa física (responsabilidade principal) | |
| Número de registo de entrada de autoridade | 0000183 |
| Palavra de ordem | Blyton |
| Outra parte do nome não tomada para palavra de ordem | Enid |
| Datas | 1897-1968 |
| 942 ## - Elementos de entrada adicionados (Koha) | |
| Tipo de item no Koha | Livro |
| Situação do levantamento | Origin of item (home branch) (coded) | Biblioteca de empréstimo | Código de barras | Cota | Circulation type (not for loan) | Tipo de documento | Nota do exemplar | Damaged status |
|---|---|---|---|---|---|---|---|---|
| Biblioteca Escolar da Coca Maravilhas | Biblioteca Escolar da Coca Maravilhas | BECM7461/06 | 8EST BLY | Livro | Sem mensagem |
